000 00838nam a2200253Ia 4500
003 OSt
005 20220923221414.0
006 a|||||r|||| 00| 0
007 ta
008 220922b |||||||| |||| 00| 0 hin d
024 _a197,489
037 _cTextual
040 _aARTS
_cARTS
_bhin
041 _2hin
_ahin
082 _aO152,6:g, N0
100 _aगौतम, आनन्द प्रकाश
245 0 _aहिन्दी के व्यंग्य निबन्ध
246 _aHindī ke vyangya nibandha
260 _aगुजरात
_b गिरनार प्रका0
_c1990
300 _a166पृ.
_ccm.
650 _aहिन्दी साहित्य
_9156264
942 _hO152,6:g, N0
_cTEXL
_2CC
999 _c349360
_d349360